[Event "EU-ch 2nd"]
[Site "Ohrid"]
[Date "2001.06.11"]
[Round "10"]
[White "Nataf, Igor Alexandre"]
[Black "Miton, Kamil"]
[Result "1-0"]
[WhiteElo "2552"]
[BlackElo "2497"]
[Annotator "Gofshtein,L"]
[PlyCount "105"]
[EventDate "2001.06.01"]
[EventType "swiss"]
[EventRounds "13"]
[EventCountry "YUG"]
[SourceTitle "CBM 084"]
[Source "ChessBase"]
[SourceDate "2001.09.13"]
[SourceVersion "1"]
[SourceVersionDate "2001.09.13"]
[SourceQuality "1"]

1. e4 c5 2. Nf3 Nc6 3. d4 cxd4 4. Nxd4 Nf6 5. Nc3 d6 6. Bg5 e6 7. Qd2 a6 8.
O-O-O Bd7 9. f4 b5 10. Bxf6 gxf6 11. Nxc6 Bxc6 12. Qe3 (12. Qe1 {-mainline.})
12... Qe7 {This move idea is to play Qe7-a7, to win tempo after Qe3 will
retreat and than to jump on key-square c5.} 13. Bd3 Qa7 {Black will play this
move in any case, so better to do it earlier.} (13... b4 14. Ne2 (14. Nb1 $5
Qa7 15. Qe2 Qc5 16. Nd2 a5 17. Nb3 Qb6 18. Bc4 {[%csl Re6][%cal Gb3d4,Gf4f5]}
O-O-O 19. Nd4 $14 {1-0 Estrin,Y-Szymczak,Z/Lublin 1974/MCD (60)}) 14... Qa7 15.
Qh3 {-see comments to 14 move, this position was played in two games of E.
Torre.} (15. Qd4 $2 Qxd4 16. Nxd4 Bb7 17. Nb3 a5 18. Bb5+ Ke7 19. Nc5 Bc8 20.
Na4 Rb8 21. Bd3 Bh6 22. g3 e5 23. Rhf1 Rg8 24. Kb1 exf4 25. gxf4 Rg4 $17 {
1/2-1/2 Estrin,Y-Vasiukov,E/Dubna 1973/EXT 99 (37)}) 15... Qc5 (15... h5 16. f5
{[%csl Re6][%cal Gh3e6]} (16. Rhe1 Qc5 17. Kb1 a5 18. f5 e5 19. Qh4 $5 {
[%csl Rf6]} (19. Ng3 $6 h4 20. Nf1 Ke7 21. Nd2 a4 22. Bc4 Bh6 23. Qd3 $132 (23.
Bd5 $2 Rac8 24. Bxc6 Rxc6 25. Qd3 Rhc8 $17 {0-1 Lobzhanidze,D-Yermolinsky,A/
Bad Zwesten 1997/CBM 57 ext (58)})) 19... Rh6 20. Ng3 $14 {[%csl Rh5][%cal
Gg3h5]}) 16... e5 17. Kb1 $14) 16. Kb1 a5 17. f5 e5 18. Ng3 $5 (18. c3 d5 $132
{0-1 Milos,G-Masculo,J/Sao Paulo 1983/EXT 2000 (36)}) 18... a4 19. Nh5 a3 20.
Nxf6+ Kd8 21. Bf1 $1 {[%cal Gh3b3]} axb2 22. Qb3 $13) (13... h5 14. Rhf1 (14.
Kb1 Qa7 15. Qh3 Qc5 (15... b4 16. Ne2 Qc5 17. Qh4 Ke7 18. Ng3 $14 {1/2-1/2
Zjukin,S-Kulaots,K/Tallinn 1999/CBM 70 ext (30)}) 16. f5 b4 17. Ne2 e5 18. g4
Bh6 19. gxh5 a5 20. Rhg1 a4 21. Rg3 Kf8 22. Rdg1 $14 {[%cal Gh3g2] .... 0-1
Stodola,J-Panchenko,A/Policka 1992/EXT 99 (22)}) 14... Qa7 (14... Bh6 15. Kb1
h4 16. Qh3 O-O-O 17. f5 Kb8 18. Ne2 Rdg8 19. fxe6 fxe6 20. Nd4 (20. Qxh4 $6
Rxg2 21. Qxf6 Qxf6 22. Rxf6 Bg7 23. Rxe6 Be5 24. Ng3 Rgxh2 $44 {1/2-1/2
Zuidema,C-Sosonko,G/Leeuwarden 1973/EXT 2001 (48)}) 20... Bd7 21. c4 $5 $14)
15. Qe1 Rc8 16. Kb1 Qc5 17. f5 e5 18. Rf3 Bh6 19. Nd5 Bxd5 20. exd5 Ke7 21. Be4
b4 22. a3 $132 {0-1 Kutuzovic,B-Kozul,Z/Pozega 2000/EXT 2001 (41)}) (13...
O-O-O $2 {[%csl Rc8]} 14. Kb1 Kb8 15. Qb6+ Bb7 16. a4 bxa4 17. Bxa6 $18 {
1-0 Ortega,M-Pina,S/Camaguey 1999/EXT 2001 (37)}) 14. Qe1 ({Worth of attention
aslo} 14. Qh3 $5 {[%cal Gh3e6,Gh3h7] From this square Q can put pressure on
Pe6 and on all kingside. nevertheless, how shows us practice, Black has strong
counterplay on the queenside which is connected with PP a snd b promotion and
Attack on the Kb1.} b4 (14... h5 15. Kb1 $5 (15. Rhe1 Be7 16. f5 {[%csl Re6]
-see commented game 1/2-1/2 Sax,G-Damljanovic,B/Manila 1990/CBM 19 [Boensch,U]
(42)}) 15... Qc5 16. Rhe1 O-O-O $6 {Not the best plan.} 17. f5 Qe5 18. Ne2 Kb8
19. c3 (19. Nc1 $6 $132 {1/2-1/2 Markzon,G-Yermolinsky,A/Washington 1990/EXT
97 (33)}) (19. Ng1 $5 {[%csl Re6][%cal Gg1f3,Gh3e6]}) 19... Bb7 20. Nd4 $16 {
[%csl Re6][%cal Gd4e6,Gh3e6]}) 15. Ne2 Qc5 16. Kb1 ({In case of} 16. f5 e5 17.
Ng3 a5 18. Nh5 Bh6+ 19. Kb1 Bg5 {two next old game played by E.Torre shows how
toget good counterplay:} 20. Qf3 (20. Qg4 Ke7 21. h4 Bh6 22. Rh3 a4 $15 {
[%csl Rb2][%cal Ga4a3] 1/2-1/2 Torre,E-Gheorghiu,F/Manila 1976/IZT (30)}) 20...
Ke7 21. h4 Be3 22. Rh3 Bd4 23. Qe2 d5 24. g4 $132 {0-1 Ljubojevic,L-Gheorghiu,
F/Manila 1976/IZT (34)}) 16... h5 (16... a5 17. f5 (17. Rhe1 Rb8 18. f5 {
-see commented game 0-1 Rogers,I-Cabrilo,G/Manila 1990/CBM 19[Boensch,U] (33)})
17... e5 18. Qh5 a4 $132 {1-0 Krakops,M-Becerra Rivero,J/Elista 1998/CBM 66
ext (53)}) 17. Ng3 (17. f5 e5 18. Qh4 Ke7 19. Ng3 Bh6 20. Nxh5 Bg5 21. Qg4 a5
22. h4 Be3 23. b3 a4 $17 {1/2-1/2 Rogers,I-Nevednichy,V/Saint Vincent ITA 2001/
The Week in Chess 327 (75)}) 17... h4 18. Rhe1 Bg7 19. Nf1 a5 20. Re2 a4 21.
Qe3 $132 {0-1 Nevednichy,V-Kozul,Z/Ljubljana 1999/EXT 2000 (36)}) 14... Be7 $1
{Another continuations are worse:} (14... O-O-O $6 {As noted above - not the
best plan. Kb8 will be vulnerable.} 15. Kb1 h5 (15... Qc5 16. Rf1 Kb7 17. f5
$14 {1-0 Polovodin,I-Figler,I/URS 1979/MCD (38)}) 16. Rf1 (16. Rc1 Kb8 17. Qe2
Qb6 18. Rhf1 h4 19. Nd1 d5 $132 {0-1 Kristiansen,J-Schneider,L/Gladsaxe 1979/
MCD (30)}) 16... Rg8 17. g3 Qb7 18. Qe2 h4 19. gxh4 Kb8 20. a3 Bh6 21. f5 $14 {
1-0 Pytel,K-Yermolinsky,A/Leningrad 1984/MCL (43)}) (14... Qc5 $6 15. Nd5 $1
Bxd5 16. exd5 e5 17. Kb1 h5 18. Rf1 Rg8 19. Be4 $14 {0-1 Somlai,L-Varga,P/
Sarospatak 1994/EXT 99 (29)}) (14... h5 $6 15. Nd5 O-O-O 16. Nxf6 $5 (16. Nb4
Bb7 17. c3 d5 18. Nc2 dxe4 19. Bxe4 Rxd1+ 20. Kxd1 Bc5 21. Kc1 Rd8 22. Qe2 f5
23. Bf3 Bxf3 24. Qxf3 Qb7 $132 {1/2-1/2 Liss,E-Rechlis,G/Tel Aviv 1994/EXT 97 
(62)}) 16... Bg7 17. e5 $14) 15. Kb1 b4 16. Ne2 Qc5 17. Nc1 a5 18. Nb3 Qa7 (
18... Qb6 $5 $132) 19. Bc4 a4 ({After} 19... Qb7 $2 {[%csl Re4][%cal Gb7e4]}
20. f5 $1 Bxe4 21. fxe6 fxe6 22. Bxe6 Bxg2 23. Rg1 $16 {[%csl Re8] White
leaves with advantage because of black K ugly location.}) 20. Nd4 Bd7 21. Qe2 (
{Standard attack} 21. f5 {[%csl Re6] is not effective here:} e5 22. Nf3 Qc5 23.
Bd5 Rc8 24. Qd2 a3 $132) 21... Qc5 22. Rhe1 (22. f5 e5 23. Nf3 Rc8 $132) 22...
Rc8 23. b3 h5 $1 {This simple standard move is the best.} (23... e5 $143 $6 24.
fxe5 fxe5 25. Nf5 Bxf5 26. exf5 $14 {[%csl Rd5,Re8]}) ({or} 23... Rg8 $143 $6
24. g3 Kf8 25. f5 e5 26. Bb5 exd4 (26... a3 27. Qd3 Bxb5 28. Nxb5 Rb8 29. c4
bxc3 30. Nxc3 $16 {[%csl Gd5,Re7,Rf6,Rf7,Rf8][%cal Gc3d5]}) 27. Bxd7 a3 28. Qd3
$14) 24. Rd3 ({Equality also after} 24. Bb5 Bxb5 25. Qxb5+ Qxb5 26. Nxb5 {
[%csl Rd6]} axb3 27. axb3 Kd7 28. Re3 Rhg8 29. g3 Rc6 30. c4 bxc3 31. Rxc3 Rxc3
32. Nxc3 h4 $132) 24... Kf8 25. f5 Qe5 $2 $16 {Serious, maybe decisive mistake.
} ({Right was} 25... e5 $1 26. Nf3 (26. Nb5 Bc6 $132 {[%csl Rb5,Rf8]}) 26...
Bc6 27. g3 Bd8 28. Red1 Bc7 $132) 26. Nf3 Qc5 27. Red1 ({White doesn't satisfy
by} 27. Nd4 Qe5 28. Nf3 $11) 27... a3 ({Or} 27... e5 28. Rd5 $16 {[%cal Gc4b5]
with domination on white squares.}) 28. Qd2 {[%csl Rd6]} Bc6 29. fxe6 $1 Bxe4
30. exf7 $1 {This strong exchange sacrifice is complete refutation of Black's
plan which brings to White serious advantage.} Bxd3 31. Qxd3 f5 32. Nd4 {
[%csl Rc5,Rf8][%cal Gd4e6]} Qe5 33. Be6 Rc5 34. Qa6 $1 {Threatening Qa8+ and
Qg8+} Kg7 35. Nxf5+ Kh7 36. Nd4 Bf6 37. Qd3+ Kg7 38. Qf3 ({White must avoid QQ
exchange.} 38. Nf5+ Kf8 39. Qxd6+ Qxd6 40. Nxd6 Re5 41. Bc4 h4 42. c3 $14)
38... Rd8 39. c4 $4 $17 {Position is too complicated, since probably under
time pressure White puts serious mistake.} ({Right was} 39. Qb7 $5 {[%csl Rb4]
[%cal Gb7b4,Gb7g7,Gf7f8]} Rf8 40. Qxb4 Qxh2 41. Nf3 Qg3 42. Qxa3 $16) 39...
bxc3 40. Kc2 Kf8 $4 $18 (40... Qxh2 $1 41. Nf5+ Kf8 42. Rd3 Qg1 $17) 41. b4 $2
$16 (41. Bf5 $1 {Threatening Nd4-e6+.} Qxd4 42. Rxd4 Bxd4 43. Qxh5 $18) 41...
Rc7 42. Bd5 {[%cal Gd4e6]} Re7 $1 {[%csl Re6][%cal Ge7e6] b2-b4 move's result..
.} 43. Nc6 Qe2+ 44. Qxe2 Rxe2+ 45. Kd3 Re5 $6 $18 {Now position of Black
became hopeless again.} ({More stubborn was} 45... Rd2+ 46. Rxd2 cxd2 47. Kxd2
Rd7 48. g3 $1 Rb7 49. Kd3 $16 {Black's position is strategically lost, but
Black has certain chances to survive.}) 46. Nxe5 Bxe5 47. b5 Rb8 48. Rb1 {
[%csl Gb5,Gf7][%cal Gb5b8,Gf7f8] Two pass PP - b5 and f7 - is too many...} Rc8
49. b6 c2 50. Rc1 Rc5 51. Ke4 Rb5 52. Rxc2 Rb4+ 53. Kf3 1-0

[Event "GRE-ch"]
[Site "Athens"]
[Date "2004.12.07"]
[Round "4"]
[White "Mastrovasilis, Dimitrios"]
[Black "Kotronias, Vasilios"]
[Result "1-0"]
[WhiteElo "2574"]
[BlackElo "2599"]
[Annotator "Gofshtein,L"]
[PlyCount "70"]
[EventDate "2004.12.04"]
[EventType "tourn"]
[EventRounds "9"]
[EventCountry "GRE"]
[EventCategory "10"]
[SourceTitle "CBM 105"]
[Source "ChessBase"]
[SourceDate "2005.04.11"]
[SourceVersion "1"]
[SourceVersionDate "2005.04.11"]
[SourceQuality "1"]

1. e4 c5 2. Nf3 Nc6 3. d4 cxd4 4. Nxd4 Nf6 5. Nc3 d6 6. Bg5 e6 7. Qd2 a6 8.
O-O-O Bd7 9. f4 b5 10. Bxf6 gxf6 11. Kb1 (11. Nxc6 {- 53/(197)}) 11... Qb6 12.
Nce2 h5 (12... Na5 $1 13. b3 (13. g4 Nc4 14. Qd3 h5 15. gxh5 Rxh5 $132) 13...
O-O-O $1 14. g3 Kb8 15. Bg2 Rc8 {/\ Nc6~~}) 13. g3 Na5 {[%cal Ra5c4]} (13... h4
$6 14. g4 $16) 14. b3 {A typical profilactic move for this position. White
restricts the black knight on a5} Rc8 {14...Rb8 deserved attention as was in
the game shown below.} (14... Rb8 $5 15. c3 (15. Bg2 Nc4 $5 $132 {1/2-1/2 Nunn,
J-Damljanovic,B/Beograd 1991/Inf 53/[Damljanovic,B] (29)}) 15... Nb7 16. Bg2
Nc5 17. Rhf1 a5 $132 {0-1 Visweswaran,K-Bakre,T/Dubai 2002/CBM 087 ext (27)}) (
14... Nb7 15. Bg2 Rc8 16. e5 fxe5 17. fxe5 Bh6 (17... d5 18. Rhf1 Nd8 19. Qg5
$36 {1/2-1/2 Mahesh Chandran,P-Crawley,G/Millfield 2000/CBM 077 ext (37)}) 18.
Nf4 Nc5 19. exd6 Bg7 20. Rhe1 $16 {1-0 Mihaljcisin,M-Grigorov,J/Ruse 1978/EXT
98 (23)}) (14... O-O-O 15. Bg2 Kb8 16. Rhf1 Be7 17. Qe1 Rc8 $132 {0-1 Hazai,
L-Damljanovic,B/Vrnjacka Banja 1984/Inf 37 (48)}) (14... Rd8 $5 {N; 14...Nb7 /
\ Nc5; 14...0-0-0 15.h4 - 41/(217)} 15. Bg2 Nb7 16. Qe3 (16. h4) 16... Bg7 (
16... Nc5 $6 17. e5 $1 fxe5 18. fxe5 Bh6 19. Nf4 $16) 17. Rhf1 Nc5 18. Nc3 $5
b4 19. Nf5 $3 $36 {0-1 Sax,G-Piket,J/Lugano 1987/ Hazai,L) (42)}) 15. Bg2 b4 {
Grabing space and restricting the white knight.} 16. Rhf1 {White brings the
rook to a better position and prepares the opening of the game.} Bg7 (16... Nb7
$5) 17. Nf3 $5 {[%cal Rd2d6] White attacks the weak pawn on d6 and prepares to
open the position with e4-e5.} Nb7 {Transfering the knight to a better place
and defending the weakness on d6.} 18. e5 $5 {White carries out a breach in
the centre trying to open the position and take advantage of the unfortunate
position of the black king.} Bc6 (18... d5 19. f5 $36) 19. Ned4 Be4 {[%cal
Re4c2,Gc8c2] Black activizes his bishop trying to get some counterplay.} (19...
Bxf3 20. Nxf3 d5 21. f5 $36) (19... Bd5 20. Nf5 Bf8 21. exf6) 20. Rfe1 f5 {
Also after 20...d5 white seizes the initiative.} (20... d5 21. exf6 Bxf6 22.
Ne5 Bxg2 23. Qxg2 Nc5 24. f5 Ne4 25. Rxe4 dxe4 26. Qxe4 $40) 21. Ng5 {
Exchanging black's active bishop and activizing the knight.} d5 {Black closes
the position. 21...Bg2 is dangerous as the variations show.} (21... Bxg2 22.
Nxf5 $5 exf5 23. exd6+ Be4 (23... Kf8 24. d7 $18) 24. d7+ Kd8 25. dxc8=Q+ Kxc8
26. Qd7+ $36) 22. Bxe4 fxe4 $8 (22... dxe4 $2 23. Ndxe6 $1 $18) 23. f5 $5 {
[%mdl 128] White carries out his main idea - an opening of the position.} Bxe5
24. fxe6 $36 f6 {Also in the case of 24...fe 25.Nge6 white has the initiative.}
(24... fxe6 25. Ngxe6 Nd8 26. Qg5 $40) 25. Nf5 {25.Nf7 also looks very strong.}
(25. Nf7 $5 Qxd4 (25... Rg8 26. Nh6 Rg6 27. Nhf5) 26. Qxd4 Bxd4 27. Rxd4 Rg8
28. Rxd5 $18) 25... Rc5 {25...Qc6 doesn't help on account of 26.Nf7 getting a
strong attack.} (25... Qc6 26. Nf7 Bc3 (26... Rh7 27. Nxe5 fxe5 28. Ne3 d4 29.
Nc4 e3 30. Qd3 $18) 27. Qxd5 Qxd5 28. Rxd5 Bxe1 29. Nxh8 $18) 26. Rxe4 $1 {
[%mdl 512] White plays very energetically.} Qc7 (26... Bc3 27. Qf4 $18 {
[%cal Rf4b8]}) 27. Qxb4 {Simpler was 27.Nf7 winning.} (27. Nf7 $1 dxe4 (27...
Bc3 28. Rxb4 Bxd2 29. Rxb7 Qxb7 30. N5d6+ Ke7 31. Nxb7 Rc7 32. Nxh8 Be3 33.
Ng6+ $18) 28. Nxh8 $18) 27... Rb5 (27... dxe4 28. Nf7 Rh7 29. Qxb7 $18) 28. Qd2
Na5 {A lesser evil was 28...Bc3. Although in this case too white has the
initiative.} (28... Bc3 $5 29. Qd3 fxg5 30. Re3 $40) (28... Rg8 29. Nf7 $1 dxe4
30. Qh6 $18) (28... dxe4 $2 29. Qd7+ Qxd7 30. exd7+ Kd8 31. Ne6#) 29. Rxe5 $1 {
[%mdl 512] A decisive strike. Black loses in all variations.} fxe5 (29... Nc4
30. Qxd5 $1 Rxd5 (30... Na3+ 31. Kb2 Rxd5 32. Rexd5 fxg5 33. Kxa3 $18) 31.
Rexd5 fxg5 32. bxc4 $18) (29... Qxe5 30. Nf7 Nc4 31. N5d6+ $1 Qxd6 32. Nxd6+
$18) 30. Qf2 Nc4 31. Nf7 $1 {White has a very strong attack and in spite of
the absence of the rook he wins.} Rf8 (31... O-O 32. Rf1 Na3+ 33. Kb2 Rxf7 34.
Nh6+ Kg7 35. Qxf7+ Qxf7 36. exf7 Nc4+ 37. Kc1 $18) 32. Rf1 $1 $18 {Bringing
the rook to an attacking position and threatening 33.Ng7 with a further 34.Qf6.
} Rxf7 33. Ng7+ $1 Kf8 34. Qxf7+ Qxf7 35. Rxf7+ Kg8 {Black resigned not
awaiting white's reply. The simplest win is 36.Nf5.} 1-0

[Event "EU-Cup 20th"]
[Site "Izmir"]
[Date "2004.10.09"]
[Round "7.1"]
[White "Naiditsch, Arkadij"]
[Black "Kasrashvili, Alexandre"]
[Result "1-0"]
[WhiteElo "2611"]
[BlackElo "2305"]
[Annotator "Gofshtein,L"]
[PlyCount "97"]
[EventDate "2004.10.03"]
[EventType "team-swiss"]
[EventRounds "7"]
[EventCountry "TUR"]
[SourceTitle "CBM 104"]
[Source "ChessBase"]
[SourceDate "2005.01.27"]
[SourceVersion "1"]
[SourceVersionDate "2005.01.27"]
[SourceQuality "1"]
[WhiteTeam "Tiendas"]
[BlackTeam "Senaki Egrisi"]
[WhiteTeamCountry "ESP"]
[BlackTeamCountry "GEO"]

1. e4 c5 2. Nf3 d6 3. d4 cxd4 4. Nxd4 Nf6 5. Nc3 Nc6 6. Bg5 e6 7. Qd2 Be7 8.
O-O-O O-O 9. f3 a6 10. h4 {Black has a few other moves as well.} Bd7 (10...
Nxd4 {another possibilities are:} 11. Qxd4 b5 {another continuations are:} (
11... Qa5 12. Bd2 $5 {[%cal Rd2a5]} (12. Kb1 {Gofshtein,L} b5 13. Qd2 b4 14.
Ne2 e5 15. Nc1 Be6 $132 {[%csl Ra2][%cal Ye6a2,Ra5a2] Tringov-Kupreichik,
Plovdiv 1980}) 12... Qc5 13. Qxc5 dxc5 $14 {0-1 Kostic,V-Campos Moreno,J/
Valjevo 1984/MCD (57)}) (11... Qc7 12. Kb1 b5 13. g4 Rd8 14. h5 $40 {[%cal
Rh5h6] 1/2-1/2 Herrera,I-Garcia Ilundain,D/Santa Clara 1998}) 12. Kb1 {another
possibility is:} (12. g4 Bb7 (12... Qa5 $5 {Gofshtein,L}) 13. Qf2 b4 14. Na4
Bc6 15. Nb6 Rb8 16. Nc4 d5 17. Bf4 Rb7 $13 {Zapata-Hernandez, Cali zt 1990})
12... Bb7 13. Qd2 {[%csl Rd4][%cal Yc3e2,Ye2d4] with idea move the knight from
c3 to d4.} Qc7 14. Ne2 Rac8 15. Nd4 {This position is quite similar to what
we'll see in the game.} Rfd8 16. Bd3 Ne8 {[%cal Ye7f6,Yf6d4] Interesting idea.
Black reorganize his pieces with idea to lead d6-d5.} 17. g4 Bf6 18. Be3 d5 19.
e5 $5 {Positional sacrifice. Otherwise black pieces are strongly entering to
the game.} Bxe5 20. f4 {1-0 Bologan,V-Ye Jiangchuan/Beijing 2000/CBM 78/
[Gofshtein,L] (37). with compensation for the sacrificed pawn}) (10... Qc7 $5
11. h5 (11. g4 Rd8 (11... b5 12. Nxc6 Qxc6 13. Bd3 Bb7 14. Kb1 Qc7 15. h5 $36 {
1-0 Wengenroth,W-Roos,T/Neuwied 1993/GER (35)}) 12. Kb1 (12. Be2 b5 13. a3 Bb7
$132 {Damjanovic,M-Ligterink,G/Graz 1979/1/2-1/2(41)}) 12... Rb8 13. Be3 Nxd4
14. Bxd4 b5 15. g5 Nd7 16. Qg2 b4 17. Ne2 e5 18. Be3 Nc5 19. Nc1 Be6 20. h5 Na4
$132 {Tringov,G-Popovic,P/Stara Pazova 1988/0-1(42)}) 11... h6 (11... Nxd4 12.
Qxd4 h6 13. Be3 Nh7 {1/2-1/2 Neber,A-Gemesi,J/HUN 1999/EXT 2000 (13)}) 12. Be3
Nxd4 13. Bxd4 Rd8 14. g4 e5 15. Be3 d5 $1 $15 {Peptan,C-Roos,T/Berliner Sommer
1997/1/2-1/2(32)}) (10... d5 11. Kb1 h6 12. Nxc6 bxc6 13. Bxh6 gxh6 14. Qxh6
$40 {1-0 Scholz,H-Thomas,J/Bad Bergzabern 1997/EXT 2000 (35)}) 11. Kb1 (11.
Nxc6 Bxc6 12. Ne2 Rc8 13. Nd4 Bd7 14. g4 Qc7 15. Kb1 Rfd8 16. Bd3 Be8 17. h5
$14 {Mazi,L-Aseev,K/Wuerzburg op 1992/1-0(30)}) (11. g4 b5 12. Nxc6 Bxc6 13.
Bd3 b4 14. Ne2 Qa5 15. Kb1 Rfc8 16. Nd4 Bb5 17. Nb3 Qc7 $132 {1-0 Herrera,I-De
la Paz,F/Santa Clara 1996/EXT 99 (54)}) 11... b5 12. Nxc6 Bxc6 13. Ne2 {
A typical maneouvre, the white knight goes to d4, discouraging black from
playing e6-e5 after which the knight goes to f5.} Qc7 14. Nd4 Bb7 15. Bd3 Kh8 {
'!?' Black prepares the advance d6-d5, the immediate 15...d5 was bad in view
of 16.e5.} (15... d5 16. e5 Qxe5 $2 17. Bf4 Qxd4 18. Bxh7+) 16. h5 (16. g4 d5
17. e5 $5 {can be suggested as an improvement.} Qxe5 18. Be3 {By sacrificing
the pawn white keeps the black pieces closed and prepares an offense on the
kingside, here is a possible illustrative line.} Qc7 19. h5 e5 20. g5 exd4 21.
h6 $1 {with a very strong attack.}) 16... d5 17. h6 ({again} 17. e5 Qxe5 18.
Be3 {looks more in the spirit of the position.}) 17... g6 18. Qe1 (18. exd5
Bxd5 {and black is totally fine.}) 18... e5 19. Nb3 (19. Qh4 Ng8 20. Nb3 Bxg5
21. Qxg5 Rac8 {and black is totally fine.}) 19... d4 {Black has succeeded to
avoid white's attack and to grab space in the centre, pushing the white knight
back. It seems as black has solved all his problems.} 20. f4 {A logical move,
white tries to break black's pawn chain in the centre.} (20. Qh4 Ng8 21. Bxe7
Qxe7 22. Qxe7 Nxe7 23. Nc5 Bc6 {and black has no problems in this ending.})
20... Nh5 {'!' A strong reply} (20... Rac8 $2 21. Qh4 Ng8 22. fxe5 Qxe5 23. Bf4
$1 Qe6 24. Nxd4 {loses a pawn for black.}) 21. Bxe7 (21. Qa5 Qxa5 22. Nxa5 Bxg5
23. fxg5 Rab8 {followed by Nf4 is fine for black.}) 21... Qxe7 22. fxe5 Qxe5
23. Qb4 Rad8 24. Rhe1 Nf4 25. Bf1 Ne6 26. Qe7 Bc8 27. Qh4 f6 28. Nc1 Nc5 29.
Nd3 Nxd3 30. Bxd3 Be6 31. Rf1 g5 {'?!'} (31... b4 {was stronger:} 32. Rf3 {
planning to double the rooks} Rc8 (32... a5 33. Rdf1 Rd6 34. Qf4 {and white
can hope to achieve some advantage, for example:} Qxf4 35. Rxf4 g5 36. R4f2 Rc6
37. e5 f5 38. Bxf5 Bxf5 39. Rxf5 Rxf5 40. Rxf5 Rxh6 41. Kc1) 33. Rdf1 Rc6 34.
Qf4 (34. Qf2 a5) 34... Qc5 {[%cal Ga6a4,Gb4b3] and black is totally fine,
planning to advance the pawns on the queenside.}) 32. Qe1 Rd6 (32... a5 {
was better, not to let the white queen penetrate to a5.}) 33. Rd2 Bf7 {'?' Now
white gets the position he wants, it still wasn't too late to play a6-a5.} (
33... a5 $1) 34. Rdf2 Bg6 35. Qa5 {White has some pressure now, he has stopped
the advance of the black pawns on the queenside and is ready to break them
with a2-a4.} Re6 (35... Bxe4 $4 36. Qc7) 36. a4 Qh2 (36... Bxe4 $2 37. Re2 Qd5
38. Qc7 Rg8 39. Bxe4 Rxe4 40. Qb6 Rf8 41. Rxf6 {and white wins.}) (36... Rb8 {
after this black still could hold:} 37. axb5 axb5 38. Qa7 Rg8) 37. Rxf6 Rexf6
38. Rxf6 Qxh6 39. Rxf8+ Qxf8 40. axb5 axb5 41. Qxb5 Qd8 42. Qe5+ Kg8 43. b4 (
43. Bc4+ {was stronger:} Bf7 (43... Kf8 44. Qh8+ Ke7 45. Qg7+ Kd6 46. Qxd4+)
44. Bd5 $1) 43... Bf7 44. Qa5 Qe7 45. Qb6 Qe5 46. b5 h5 47. Qc6 Be8 48. Qd5+
Qxd5 49. exd5 1-0